000
00325nam a2200133Ia 4500
008
240112s1974 xx 000 0 und d
041
_a
eng
082
_a
616.03
100
_a
FARBER S.J.
245
_a
AMERICAN JOURNAL OF MEDICAL SCIENCES
260
_b
UNITED STATE OF AMERICA
_c
1974
300
_a
376,HB
440
_v
267
999
_c
1141808
_d
1141808